Fundamentos de la metodología participativa y de la investigación participativa
Presenta un marco conceptual de la metodología participativa y se establce una guía para trabajos con grupos, describiéndose las características, los obstáculos y el papel del facilitador que trabaja con los grupos. Así mismo, se dan a conocer los elementos para la investigación participativa, sus p...
Gespeichert in:
| Körperschaft: | |
|---|---|
| Format: | Text |
| Veröffentlicht: |
Guatemala:
UNICEF
|
| Schlagworte: | |
| Tags: |
Tag hinzufügen
Keine Tags, Fügen Sie den ersten Tag hinzu!
|
MARC
| LEADER | 00000 a a2200000 04500 | ||
|---|---|---|---|
| 001 | 12402 | ||
| 003 | |||
| 040 | |||
| 090 | |a 018800 | ||
| 110 | |a UNICEF | ||
| 245 | |a Fundamentos de la metodología participativa y de la investigación participativa | ||
| 260 | |a Guatemala: |b UNICEF | ||
| 300 | |a 76 p. | ||
| 520 | |a Presenta un marco conceptual de la metodología participativa y se establce una guía para trabajos con grupos, describiéndose las características, los obstáculos y el papel del facilitador que trabaja con los grupos. Así mismo, se dan a conocer los elementos para la investigación participativa, sus principios básicos y la metodología a utilizar. Se ofrece una serie de recomendaciones bibliográficas al final del documento. SM/EL | ||
| 650 | |a METODOLOGIA | ||
| 650 | |a INVESTIGACION | ||
| 650 | |a ANALISIS DE LA INFORMACION | ||
| 650 | |a CONDICIONES DE VIDA | ||
| 650 | |a POBREZA | ||
| 650 | |a PAISES EN DESARROLLO | ||
| 650 | |a ZONAS RURALES | ||
| 650 | |a ZONAS URBANAS | ||
| 999 | |c 15614 |d 15614 | ||
